00906nam a2200253 a 450000100060000000300080000600500170001400800410003103500190007204000270009104100080011808200240012624500630015025000120021326000320022530000170025750000210027450501240029565000370041970000260045694200120048299900170049495201410051163228BD-RjUL20211209081155.0170129s1979 nyu 001 0 eng d a(BD-RjUL)63357 aDLCcDLCdBD-RjULbeng aeng a808.8223bNOR 197904aThe Norton anthology of world masterpieces /cMaynard Mack a4th ed. aNew York :bNorton,cc1979. aV. ;c22 cm. aIncludes index.0 aV-1.--Literature of Western culture through the Renaissance.V- 2.--Literature of Western culture since the Renaissance. 0aLiteraturevCollections.91721321 aMack, Maynard9188191 2ddccBK c63228d63228 00102ddc40718NFICaRUCLbRUCLcReadingd1988-11-08eAsin foundationl0o808.8 NOR V-1 1979r2017-01-29 00:00:00tC-1w2017-01-29yBK